<?xml version="1.0" encoding="UTF-8"?>
<record
    xmlns:xsi="http://www.w3.org/2001/XMLSchema-instance"
    xsi:schemaLocation="http://www.loc.gov/MARC21/slim http://www.loc.gov/standards/marcxml/schema/MARC21slim.xsd"
    xmlns="http://www.loc.gov/MARC21/slim">

  <leader>00431nam a2200169   4500</leader>
  <controlfield tag="003">SEACOMEC</controlfield>
  <controlfield tag="005">20240529123953.0</controlfield>
  <controlfield tag="008">240529b        |||||||| |||| 00| 0 eng d</controlfield>
  <datafield tag="020" ind1=" " ind2=" ">
    <subfield code="a"> 0-19-566930-4.</subfield>
    <subfield code="c">Rs.215.00</subfield>
  </datafield>
  <datafield tag="040" ind1=" " ind2=" ">
    <subfield code="a">SEACOMEC</subfield>
  </datafield>
  <datafield tag="082" ind1=" " ind2=" ">
    <subfield code="a">621.36</subfield>
    <subfield code="b">K45</subfield>
  </datafield>
  <datafield tag="100" ind1=" " ind2=" ">
    <subfield code="a"> KHARE, R P.</subfield>
  </datafield>
  <datafield tag="245" ind1="1" ind2=" ">
    <subfield code="a">FIBER OPTICS AND OPTO ELECTRONICS</subfield>
    <subfield code="c">R P. KHARE</subfield>
  </datafield>
  <datafield tag="260" ind1=" " ind2=" ">
    <subfield code="a">NEW DELHI </subfield>
    <subfield code="b">OXFORD </subfield>
    <subfield code="c"> 2004</subfield>
  </datafield>
  <datafield tag="650" ind1=" " ind2=" ">
    <subfield code="a">Physics</subfield>
  </datafield>
  <datafield tag="942" ind1=" " ind2=" ">
    <subfield code="c">BOOK</subfield>
  </datafield>
  <datafield tag="952" ind1=" " ind2=" ">
    <subfield code="0">0</subfield>
    <subfield code="1">0</subfield>
    <subfield code="2">ddc</subfield>
    <subfield code="4">0</subfield>
    <subfield code="7">0</subfield>
    <subfield code="a">SEACOMEC</subfield>
    <subfield code="b">SEACOMEC</subfield>
    <subfield code="d">2008-01-30</subfield>
    <subfield code="l">0</subfield>
    <subfield code="o">621.36 K45</subfield>
    <subfield code="p">9518</subfield>
    <subfield code="r">2024-05-29 12:40:21</subfield>
    <subfield code="w">2024-05-29</subfield>
    <subfield code="y">BOOK</subfield>
  </datafield>
  <datafield tag="952" ind1=" " ind2=" ">
    <subfield code="0">0</subfield>
    <subfield code="1">0</subfield>
    <subfield code="2">ddc</subfield>
    <subfield code="4">0</subfield>
    <subfield code="7">0</subfield>
    <subfield code="a">SEACOMEC</subfield>
    <subfield code="b">SEACOMEC</subfield>
    <subfield code="d">2008-01-30</subfield>
    <subfield code="l">0</subfield>
    <subfield code="o">621.36 K45</subfield>
    <subfield code="p">9519</subfield>
    <subfield code="r">2024-05-29 12:41:00</subfield>
    <subfield code="t">1</subfield>
    <subfield code="w">2024-05-29</subfield>
    <subfield code="y">BOOK</subfield>
  </datafield>
  <datafield tag="952" ind1=" " ind2=" ">
    <subfield code="0">0</subfield>
    <subfield code="1">0</subfield>
    <subfield code="2">ddc</subfield>
    <subfield code="4">0</subfield>
    <subfield code="7">0</subfield>
    <subfield code="a">SEACOMEC</subfield>
    <subfield code="b">SEACOMEC</subfield>
    <subfield code="d">2008-01-30</subfield>
    <subfield code="l">0</subfield>
    <subfield code="o">621.36 K45</subfield>
    <subfield code="p">9520</subfield>
    <subfield code="r">2024-05-29 12:41:00</subfield>
    <subfield code="t">2</subfield>
    <subfield code="w">2024-05-29</subfield>
    <subfield code="y">BOOK</subfield>
  </datafield>
  <datafield tag="952" ind1=" " ind2=" ">
    <subfield code="0">0</subfield>
    <subfield code="1">0</subfield>
    <subfield code="2">ddc</subfield>
    <subfield code="4">0</subfield>
    <subfield code="7">0</subfield>
    <subfield code="a">SEACOMEC</subfield>
    <subfield code="b">SEACOMEC</subfield>
    <subfield code="d">2008-01-30</subfield>
    <subfield code="l">0</subfield>
    <subfield code="o">621.36 K45</subfield>
    <subfield code="p">9521</subfield>
    <subfield code="r">2024-05-29 12:41:00</subfield>
    <subfield code="t">3</subfield>
    <subfield code="w">2024-05-29</subfield>
    <subfield code="y">BOOK</subfield>
  </datafield>
  <datafield tag="952" ind1=" " ind2=" ">
    <subfield code="0">0</subfield>
    <subfield code="1">0</subfield>
    <subfield code="2">ddc</subfield>
    <subfield code="4">0</subfield>
    <subfield code="7">0</subfield>
    <subfield code="a">SEACOMEC</subfield>
    <subfield code="b">SEACOMEC</subfield>
    <subfield code="d">2008-01-30</subfield>
    <subfield code="l">0</subfield>
    <subfield code="o">621.36 K45</subfield>
    <subfield code="p">9522</subfield>
    <subfield code="r">2024-05-29 12:41:00</subfield>
    <subfield code="t">4</subfield>
    <subfield code="w">2024-05-29</subfield>
    <subfield code="y">BOOK</subfield>
  </datafield>
  <datafield tag="952" ind1=" " ind2=" ">
    <subfield code="0">0</subfield>
    <subfield code="1">0</subfield>
    <subfield code="2">ddc</subfield>
    <subfield code="4">0</subfield>
    <subfield code="7">0</subfield>
    <subfield code="a">SEACOMEC</subfield>
    <subfield code="b">SEACOMEC</subfield>
    <subfield code="d">2008-01-30</subfield>
    <subfield code="l">0</subfield>
    <subfield code="o">621.36 K45</subfield>
    <subfield code="p">9523</subfield>
    <subfield code="r">2024-05-29 12:41:00</subfield>
    <subfield code="t">5</subfield>
    <subfield code="w">2024-05-29</subfield>
    <subfield code="y">BOOK</subfield>
  </datafield>
  <datafield tag="952" ind1=" " ind2=" ">
    <subfield code="0">0</subfield>
    <subfield code="1">0</subfield>
    <subfield code="2">ddc</subfield>
    <subfield code="4">0</subfield>
    <subfield code="7">0</subfield>
    <subfield code="a">SEACOMEC</subfield>
    <subfield code="b">SEACOMEC</subfield>
    <subfield code="d">2008-01-30</subfield>
    <subfield code="l">0</subfield>
    <subfield code="o">621.36 K45</subfield>
    <subfield code="p">9524</subfield>
    <subfield code="r">2024-05-29 12:41:00</subfield>
    <subfield code="t">6</subfield>
    <subfield code="w">2024-05-29</subfield>
    <subfield code="y">BOOK</subfield>
  </datafield>
  <datafield tag="952" ind1=" " ind2=" ">
    <subfield code="0">0</subfield>
    <subfield code="1">0</subfield>
    <subfield code="2">ddc</subfield>
    <subfield code="4">0</subfield>
    <subfield code="7">0</subfield>
    <subfield code="a">SEACOMEC</subfield>
    <subfield code="b">SEACOMEC</subfield>
    <subfield code="d">2008-01-30</subfield>
    <subfield code="l">0</subfield>
    <subfield code="o">621.36 K45</subfield>
    <subfield code="p">9525</subfield>
    <subfield code="r">2024-05-29 12:41:00</subfield>
    <subfield code="t">7</subfield>
    <subfield code="w">2024-05-29</subfield>
    <subfield code="y">BOOK</subfield>
  </datafield>
  <datafield tag="952" ind1=" " ind2=" ">
    <subfield code="0">0</subfield>
    <subfield code="1">0</subfield>
    <subfield code="2">ddc</subfield>
    <subfield code="4">0</subfield>
    <subfield code="7">0</subfield>
    <subfield code="a">SEACOMEC</subfield>
    <subfield code="b">SEACOMEC</subfield>
    <subfield code="d">2008-01-30</subfield>
    <subfield code="l">0</subfield>
    <subfield code="o">621.36 K45</subfield>
    <subfield code="p">9526</subfield>
    <subfield code="r">2024-05-29 12:41:00</subfield>
    <subfield code="t">8</subfield>
    <subfield code="w">2024-05-29</subfield>
    <subfield code="y">BOOK</subfield>
  </datafield>
  <datafield tag="952" ind1=" " ind2=" ">
    <subfield code="0">0</subfield>
    <subfield code="1">0</subfield>
    <subfield code="2">ddc</subfield>
    <subfield code="4">0</subfield>
    <subfield code="7">0</subfield>
    <subfield code="a">SEACOMEC</subfield>
    <subfield code="b">SEACOMEC</subfield>
    <subfield code="d">2008-01-30</subfield>
    <subfield code="l">0</subfield>
    <subfield code="o">621.36 K45</subfield>
    <subfield code="p">9527</subfield>
    <subfield code="r">2024-05-29 12:41:00</subfield>
    <subfield code="t">9</subfield>
    <subfield code="w">2024-05-29</subfield>
    <subfield code="y">BOOK</subfield>
  </datafield>
  <datafield tag="999" ind1=" " ind2=" ">
    <subfield code="c">1242</subfield>
    <subfield code="d">1242</subfield>
  </datafield>
</record>
